Представление документа в формате RUSMARC

ПолеНазваниеЗначение
  Тип записи a
  Библиографический уровень m
001 Контрольный номер RU/CBS_UL/BASE/550331327
005 Дата корректировки 20240209174729.9
010 Индекс ISBN __
a ISBN 978-5-222-13314-9
b Уточнения в пер.
d Цена 5 р. 22 к.
9 Тираж 3 000 экз.
100 Данные общей обработки __
a Данные общей обработки 20170609d2017 ||| 0rusy0189 ca
101 Язык документа 0_
a Язык текста rus
102 Страна публикации __
a Страна публикации RU
105 Кодированные данные (монография) __
a Кодированные данные (монография) y###||||000|y
200 Заглавие и сведения об ответственности 1_
a Заглавие Секреты плиточных работ
b Общее обозначение материала Текст
e Сведения, относящиеся к заглавию практическое пособие
f Первые сведения об ответственности В. И. Руденко
205 Сведения об издании __
a Основные сведения об издании Изд. 4
210 Выходные данные 0_
a Место издания Ростов-на-Дону
c Издательство Феникс
d Дата издания 2008
215 Физическое описание __
a Объем 220, [1] с.
c Иллюстрации/тип воспроизводства ил.
d Формат 21 см.
225 Серия 0_
a Серия Стройвариант
300 Общие примечания __
a Общие примечания Ограничения по возрасту - 16+
606 Тематические рубрики 0_
a Основная рубрика Отделочные работы - Облицовочные работы
610 Ключевые слова 0_
a Ключевые слова плитка керамическая
a Ключевые слова укладка керамической плитки
a Ключевые слова работы плиточные
a Ключевые слова облицовка пола
a Ключевые слова облицовка стен
a Ключевые слова укладка плитки
686 Индексы других классификаций __
a Классификационный индекс 38.639
2 Код системы ББК
700 Автор _1
a Фамилия Руденко
b Имя (инициалы) Вадим Иванович
g Полное личное имя В. И.
801 Источник записи _0
a Страна RU
b Организация МБУК ЦБС
c Дата составления 20170609
g Правила каталогизации RCR
801 Источник записи _1
a Страна RU
b Организация МБУК ЦБС г. Ульяновска
c Дата составления 20170609
g Правила каталогизации RCR
899 Данные о местонахождении __
i Авторский знак Р 83
j Расстановочный фильтр 38.639
901 Тип документа __
t Тип документа m
910 Корректоры записи __
a Корректор записи Скрипина